000 00239nam a22001217a 4500
003 SGT
082 _a823
_bROT
100 _aROTH VERONICA
245 _aDIVERGENT
260 _aUSA
_bHARPER PUB
_c2011
300 _a487
942 _2ddc
_cBK
999 _c33688
_d33688